Фитопланктон водоёмов бассейна р. Молодо (Якутия); Сибирский экологический журнал; № 4

Bibliografiske detaljer
Parent link:Сибирский экологический журнал: научный журнал/ Российская академия наук (РАН), Сибирское отделение (СО).— , 1995-.— 0869-8619
№ 4.— 2003.— С. 423-426
Hovedforfatter: Габышев В. А.
Andre forfattere: Ремигайло П. А.
Sprog:russisk
Udgivet: 2003
Serier:Водоросли
Fag:
Format: MixedMaterials Book Chapter
KOHA link:https://koha.lib.tpu.ru/cgi-bin/koha/opac-detail.pl?biblionumber=388619

MARC

LEADER 00000naa2a2200000 4500
001 388619
005 20231101063751.0
035 |a (RuTPU)RU\TPU\prd\19936 
090 |a 388619 
100 |a 20031124a2003 k y0rusy50 ca 
101 0 |a rus 
102 |a RU 
200 1 |a Фитопланктон водоёмов бассейна р. Молодо (Якутия)  |f В. А. Габышев, П. А. Ремигайло 
225 1 |a Водоросли 
320 |a Библиогр.: 9 назв. 
461 1 |0 (RuTPU)RU\TPU\prd\1754  |x 0869-8619  |t Сибирский экологический журнал  |o научный журнал  |f Российская академия наук (РАН), Сибирское отделение (СО)  |d 1995- 
463 1 |0 (RuTPU)RU\TPU\prd\18478  |t № 4  |v С. 423-426  |d 2003 
610 1 |a фитопланктон 
610 1 |a водоёмы 
610 1 |a реки 
610 1 |a Молодо 
610 1 |a Якутия 
675 |a 582.26  |v 3 
700 1 |a Габышев  |b В. А. 
701 1 |a Ремигайло  |b П. А. 
801 1 |a RU  |b 63413507  |c 20031124  |g PSBO 
801 2 |a RU  |b 63413507  |c 20131209  |g RCR 
942 |c BK